Polacy na Kresach Wschodnich - rodowód i dzieje

Titel: Polacy na Kresach Wschodnich - rodowód i dzieje
Verfasser:
Körperschaft:
In: Przegla̜d geograficzny, Band 72, z. 1/2 (2000), Seite p. 3-14: santr. angl.
alle Artikel anzeigen
Veröffentlicht: 2000
Format: Aufsatz
Sprache: Polnisch
Kein Bild verfügbar
X
alg: 39184376
001A    $01999:11-11-16 
001B    $01999:28-04-17 $t14:33:33.000 
001C    $06050:19-11-16 $t08:53:25.000 
001D    $01999:11-11-16 
001U    $0utf8 
001X    $00 
002@    $0Aox 
003@    $0391843761 
007A    $0391843761 $aHEB 
007T    $0Herda21181v 
010@    $apol 
011@    $a2000 
021A    $aPolacy na Kresach Wschodnich - rodowód i dzieje 
028A    $#Eberchard, Pʹotr $#Eberhardt, Piotr Jan $#Ėberchardt, Petr $#Eberchardt, Piotr $#Eberchardt, Petr $#Eberchard, P'otr $7133163202 $8Eberhardt, Piotr$Z1935- [Tp1] $9188908803 
029F    $ai-2000-0239 
031A    $d72, z. 1/2 $hp. 3-14: santr. angl. $j2000 
037A    $aXVI a. - 1939 m. 
039B    $aIn $8--Abvc--. Przegla̜d geograficzny. - Warszawa : Państwowe Wydawn. Naukowe, 1918-. - ISSN 0033-2143 $x200000000720000997 $9047308648 
045T    $a14 

lok: 39184376 78

exp: 39184376 78 1 #EPN
201B/01 $019-04-17 $t10:25:13.000 
201U/01 $0utf8 
203@/01 $0787939013 
208@/01 $a11-11-16 $be 
209A/01 $a/ $f000 $x00 
220C/01 $aHerkunft: LII Vilnius / Irena Tumelytė 
220C/01 $aAnmerkung: Unredigierte Aufnahme 
244Z/01 $2Trx $#Litauen $#Lithuania $#Litwa $#Litva $#Litva $8--Trx--Lietuva $x01 $9391193457 
244Z/01 $2Trx $8--Trx--Zeitschriftenaufsatz $x02 $9391384341 
247C/01 $82080>Marburg/Lahn, Herder-Institut, Forschungsbibliothek, Bibliographieportal $9336309341
LEADER 00000caa a22000002c 4500
001 391843761
003 DE-603
005 20170428143333.0
007 tu
008 161111s2000 xx |||| | u00||u|pol c
035 |a (DE-599)HEB391843761 
040 |a DE-603  |b ger  |c DE-603  |d DE-603 
041 |a pol 
084 |a 14  |2 ssgn 
100 1 |a Eberhardt, Piotr  |d 1935-  |0 (DE-603)188908803  |0 (DE-588)133163202  |2 gnd 
245 0 0 |a Polacy na Kresach Wschodnich - rodowód i dzieje 
264 0 |c 2000 
500 |a XVI a. - 1939 m. 
710 2 |a i-2000-0239 
773 0 8 |i In  |t Przegla̜d geograficzny  |d Warszawa : Państwowe Wydawn. Naukowe, 1918-  |x 0033-2143  |g Band 72, z. 1/2 (2000), Seite p. 3-14: santr. angl.  |w (DE-603)047308648  |w (DE-600)209415-0 
924 0 |9 2080  |a (DE-603)787939013  |b DE-2080  |c HES  |d d  |g /